Erosion and deposition in the loessmantled Great Plains, Medicine creek drainage basin, Nebraska.

Bibliographic Details
Main Author: Price, James C. (James Coble), 1920-
Corporate Author: United States. Department of the Interior
Format: Government Document Book
Language:English
Published: Washington : U.S. G.P.O., 1966.
Series:Geological Survey professional paper ; 352-H.
Subjects:

MARC

Tag First Indicator Second Indicator Subfields
LEADER 00000cam a2200000Ma 4500
001 in00002784586
005 20151202171847.0
008 900327s1966 wauab 000 0 eng d
035 |a (OCoLC)ocn220764220 
035 |a (OCoLC)220764220 
040 |a AU@  |b eng  |c AU@  |d OCLCQ  |d UtOrBLW 
043 |a n-us-nb 
049 |a TXAM 
050 1 4 |a QE75.P9 no  |b .352-H 
086 |a I 19.16:352-H 
100 1 |a Price, James C.  |q (James Coble),  |d 1920- 
245 1 0 |a Erosion and deposition in the loessmantled Great Plains, Medicine creek drainage basin, Nebraska. 
246 3 |a Erosion and sedimentation in a semi-arid environment, pt. H 
264 1 |a Washington :  |b U.S. G.P.O.,  |c 1966. 
300 |a v, 255-339 pages :  |b illustrations, maps. 
336 |a text  |b txt  |2 rdacontent 
337 |a unmediated  |b n  |2 rdamedia 
338 |a volume  |b nc  |2 rdacarrier 
490 1 |a Geological Survey professional paper ;  |v 352-H 
500 |a "Prepared as part of a program of the' Dept. of the Interior." 
500 |a Issued as part H of the title: Erosion and sedimentation ina semi arid environment. 
650 0 |a Sedimentation and deposition. 
650 0 |a Loess  |z Nebraska. 
650 0 |a Erosion. 
710 1 |a United States.  |b Department of the Interior. 
830 0 |a Geological Survey professional paper ;  |v 352-H. 
948 |a cataloged  |b h  |c 2012/12/14  |d c  |e mvaldespin  |f 09:23:35 am 
994 |a C0  |b TXA 
999 |a MARS 
999 f f |s 11d2f6e5-8be6-3a7c-abae-f5d8a1aebc02  |i c987b05f-019e-3dd4-b7c7-9fa204192951  |t 0 
952 f f |p normal  |a Texas A&M University  |b College Station  |c Sterling C. Evans Library  |d Evans: US Documents (Annex 5th floor)  |t 0  |e I 19.16:350-352 A-I  |h Superintendent of Documents classification  |i unmediated -- volume  |m A14832129439 
952 f f |a Texas A&M University  |b College Station  |c Sterling C. Evans Library  |d Evans: US Documents (Annex 5th floor)  |t 0  |e I 19.16:350-352 A-I  |h Superintendent of Documents classification 
998 f f |a I 19.16:350-352 A-I  |t 0  |l Evans: US Documents (Annex 5th floor)